Experimental stress analysis 51 : (Record no. 83429)
[ view plain ]
| 000 -LEADER | |
|---|---|
| fixed length control field | 02256nam a2200409 i 4500 |
| 001 - CONTROL NUMBER | |
| control field | ebr10827135 |
| 003 - CONTROL NUMBER IDENTIFIER | |
| control field | CaPaEBR |
| 006 - FIXED-LENGTH DATA ELEMENTS--ADDITIONAL MATERIAL CHARACTERISTICS--GENERAL INFORMATION | |
| fixed length control field | m o d |
| 007 - PHYSICAL DESCRIPTION FIXED FIELD--GENERAL INFORMATION | |
| fixed length control field | cr cn||||||||| |
| 008 - FIXED-LENGTH DATA ELEMENTS--GENERAL INFORMATION | |
| fixed length control field | 140120t20142014sz a ob 001 0 eng d |
| 020 ## - INTERNATIONAL STANDARD BOOK NUMBER | |
| Cancelled/invalid ISBN | 9783037859773 |
| International Standard Book Number | 9783038263586 (e-book) |
| 040 ## - CATALOGING SOURCE | |
| Original cataloging agency | CaPaEBR |
| Language of cataloging | eng |
| Description conventions | rda |
| -- | pn |
| Transcribing agency | CaPaEBR |
| 035 ## - SYSTEM CONTROL NUMBER | |
| System control number | (OCoLC)874147160 |
| 050 14 - LIBRARY OF CONGRESS CALL NUMBER | |
| Classification number | TA405 |
| Item number | .E974 2014eb |
| 082 04 - DEWEY DECIMAL CLASSIFICATION NUMBER | |
| Classification number | 620.112 |
| Edition number | 23 |
| 245 00 - TITLE STATEMENT | |
| Title | Experimental stress analysis 51 : |
| Remainder of title | selected, peer reviewed papers from the 51st Annual of the International Scientific Conference on Experimental Stress Analysis (EAN 2013), June 11-13, 2013, Litomerice, Czech Republic / |
| Statement of responsibility, etc | edited by Alena Petrenko. |
| 264 #1 - PRODUCTION, PUBLICATION, DISTRIBUTION, MANUFACTURE, AND COPYRIGHT NOTICE | |
| Place of production, publication, distribution, manufacture | Durnten-Zurich, Switzerland : |
| Name of producer, publisher, distributor, manufacturer | Trans Tech Publications, |
| Date of production, publication, distribution, manufacture, or copyright notice | 2014. |
| Date of production, publication, distribution, manufacture, or copyright notice | �2014 |
| 300 ## - PHYSICAL DESCRIPTION | |
| Extent | 1 online resource (427 pages) : |
| Other physical details | illustrations(some color). |
| 336 ## - CONTENT TYPE | |
| Content type term | text |
| Source | rdacontent |
| 337 ## - MEDIA TYPE | |
| Media type term | computer |
| Source | rdamedia |
| 338 ## - CARRIER TYPE | |
| Carrier type term | online resource |
| Source | rdacarrier |
| 490 1# - SERIES STATEMENT | |
| Series statement | Applied Mechanics and Materials, |
| International Standard Serial Number | 1662-7482 ; |
| Volume number/sequential designation | Volume 486 |
| 504 ## - BIBLIOGRAPHY, ETC. NOTE | |
| Bibliography, etc | Includes bibliographical references at the end of each chapters and indexes. |
| 588 ## - SOURCE OF DESCRIPTION NOTE | |
| Source of description note | Description based on online resource; title from PDF title page (ebrary, viewed January 20, 2014). |
| 590 ## - LOCAL NOTE (RLIN) | |
| Local note | Electronic reproduction. Palo Alto, Calif. : ebrary, 2014. Available via World Wide Web. Access may be limited to ebrary affiliated libraries. |
| 650 #0 - SUBJECT ADDED ENTRY--TOPICAL TERM | |
| Topical term or geographic name as entry element | Strength of materials |
| Form subdivision | Congresses. |
| Topical term or geographic name as entry element | Materials |
| General subdivision | Testing |
| Form subdivision | Congresses. |
| Topical term or geographic name as entry element | Strains and stresses |
| Form subdivision | Congresses. |
| 655 #0 - INDEX TERM--GENRE/FORM | |
| Genre/form data or focus term | Electronic books. |
| 700 1# - ADDED ENTRY--PERSONAL NAME | |
| Personal name | Petrenko, Alena. |
| 776 08 - ADDITIONAL PHYSICAL FORM ENTRY | |
| Display text | Print version: |
| Title | Experimental stress analysis 51 : selected, peer reviewed papers from the 51st Annual of the International Scientific Conference on Experimental Stress Analysis (EAN 2013), June 11-13, 2013, Litomerice, Czech Republic. |
| Place, publisher, and date of publication | Durnten-Zurich, Switzerland : Trans Tech Publications, c2014 |
| Physical description | 419 pages |
| Series data for related item | Applied mechanics and materials ; Volume 486. |
| International Standard Serial Number | 1662-7482 |
| International Standard Book Number | 9783037859773 |
| 797 2# - LOCAL ADDED ENTRY--CORPORATE NAME (RLIN) | |
| Corporate name or jurisdiction name as entry element | ebrary. |
| 830 #0 - SERIES ADDED ENTRY--UNIFORM TITLE | |
| Uniform title | Applied mechanics and materials ; |
| Volume number/sequential designation | v. 486. |
| 856 40 - ELECTRONIC LOCATION AND ACCESS | |
| Uniform Resource Identifier | <a href="http://site.ebrary.com/lib/rucke/Doc?id=10827135">http://site.ebrary.com/lib/rucke/Doc?id=10827135</a> |
| Public note | An electronic book accessible through the World Wide Web; click to view |
No items available.
